Halal food.
| Format: | Book |
|---|---|
| Published: |
Dubai:
Department of Public Relations & Organizations,
2007.
|
| Subjects: |
| LEADER | 00409cam a2200133 7i4500 | ||
|---|---|---|---|
| 001 | 0000019172 | ||
| 005 | 20080711090000.0 | ||
| 090 | 0 | 0 | |a P 641.3 |b HAL |
| 245 | 0 | 0 | |a Halal food. |
| 260 | 0 | 0 | |a Dubai: |b Department of Public Relations & Organizations, |c 2007. |
| 300 | # | # | |a 24 p. |
| 650 | 0 | 0 | |a Halal food -- |z Dubai,United Arab Emirates |
| 651 | 0 | 0 | |a United Arab Emirates |
| 999 | |a 0000020078 |b Book |c Products |e Business Information Centre | ||